02565 2201225 4500001002100000005001500021035002000036008004100056245005700097100001600154250000600170260003200176300002900208020002200237084001400259082000800273650001400281990001200295990001200307990001200319990001200331990001200343990001200355990001200367990001200379990001200391990001200403990001200415990001200427990001200439990001200451990001200463990001200475990001200487990001200499990001200511990001200523990001200535990001200547990001200559990001200571990001200583990001200595990001200607990001200619990001200631990001200643990001200655990001200667990001200679990001200691990001200703990001200715990001200727990001200739990001200751990001200763990001200775990001200787990001200799990001200811990001200823990001200835990001200847990001200859990001200871990001200883990001200895990001200907990001200919990001200931990001200943990001200955990001200967990001200979990001200991990001201003990001201015990001201027990001201039990001201051990001201063990001201075990001201087990001201099990001201111990001201123990001201135990001201147990001201159990001201171990001201183990001201195990001201207990001201219990001201231990001201243990001201255990001201267990001201279990001201291990001201303990001201315990001201327INLIS00000000000012520240502110403 a0010-0424000101240502 0 ind 1 aSejarah Indonesia Kelas XI Semester 2 /cSardiman AM aSardiman AM a1 aJakarta :bKEMDIKBUD,c2017 a232 hlm ;c17 cm x 25 cm a978-602-282-110-6 a900 SAR s a900 4aNon Fiksi a0737356 a0737357 a0737358 a0737359 a0737360 a0737361 a0737362 a0737363 a0737364 a0737365 a0737366 a0737367 a0737368 a0737369 a0737370 a0737371 a0737372 a0737373 a0737374 a0737375 a0737376 a0737377 a0737378 a0737379 a0737380 a0737381 a0737382 a0737383 a0737384 a0737385 a0737386 a0737387 a0737388 a0737389 a0737390 a0737391 a0737392 a0737393 a0737394 a0737395 a0737396 a0737397 a0737398 a0737399 a0737400 a0737401 a0737402 a0737403 a0737404 a0737405 a0737406 a0737407 a0737408 a0737409 a0737410 a0737411 a0737412 a0737413 a0737414 a0737415 a0737416 a0737417 a0737418 a0737419 a0737420 a0737421 a0737422 a0737423 a0737424 a0737425 a0737426 a0737427 a0737428 a0737429 a0737430 a0737431 a0737432 a0737433 a0737434 a0737435 a0737436 a0737437 a0737438 a0737439 a0737440 a0737441 a0737442